Guns N' Roses Discography Quiz - Statistics

General Stats
  • This quiz has been taken 222 times
  • The average score is 5 of 6
Answer Stats
Year Album % Correct
1987 Appetite for Destruction
95%
1991 Use Your Illusion I
91%
1991 Use Your Illusion II
91%
2008 Chinese Democracy
86%
1988 G N' R Lies
80%
1993 "The Spaghetti Incident?"
78%
No matching quizzes found
Score Distribution
Percent of People with Each Score
Percentile by Number Answered
Your Score History
You have not taken this quiz